MARC details
| 000 -LEADER |
| fixed length control field |
02263cam a22005058i 4500 |
| 001 - CONTROL NUMBER |
| control field |
on1236897877 |
| 003 - CONTROL NUMBER IDENTIFIER |
| control field |
OCoLC |
| 005 - DATE AND TIME OF LATEST TRANSACTION |
| control field |
20220831144230.0 |
| 008 - FIXED-LENGTH DATA ELEMENTS--GENERAL INFORMATION |
| fixed length control field |
210202t20212021caua j 6 000 1 eng |
| 010 ## - LIBRARY OF CONGRESS CONTROL NUMBER |
| LC control number |
2021004933 |
| 020 ## - INTERNATIONAL STANDARD BOOK NUMBER |
| International Standard Book Number |
9781779501233 |
| Qualifying information |
(paperback) |
| 020 ## - INTERNATIONAL STANDARD BOOK NUMBER |
| International Standard Book Number |
1779501234 |
| 035 ## - SYSTEM CONTROL NUMBER |
| System control number |
(OCoLC)1236897877 |
| Canceled/invalid control number |
(OCoLC)1257257777 |
| 040 ## - CATALOGING SOURCE |
| Original cataloging agency |
DLC |
| Language of cataloging |
eng |
| Description conventions |
rda |
| Transcribing agency |
DLC |
| Modifying agency |
OCLCO |
| -- |
OCLCF |
| -- |
IUO |
| -- |
OCLCO |
| -- |
HBP |
| -- |
JAS |
| -- |
OCLCO |
| -- |
VP@ |
| -- |
WLM |
| -- |
UOK |
| 042 ## - AUTHENTICATION CODE |
| Authentication code |
lcac |
| -- |
pcc |
| 049 ## - LOCAL HOLDINGS (OCLC) |
| Holding library |
UOKA |
| 050 00 - LIBRARY OF CONGRESS CALL NUMBER |
| Classification number |
PZ7.7.N6756 |
| Item number |
My 2021 |
| 082 00 - DEWEY DECIMAL CLASSIFICATION NUMBER |
| Classification number |
741.5/973 |
| Edition number |
23 |
| 092 ## - LOCALLY ASSIGNED DEWEY CALL NUMBER (OCLC) |
| Classification number |
junior graphic |
| Item number |
North |
| 100 1# - MAIN ENTRY--PERSONAL NAME |
| Personal name |
North, Ryan, |
| Dates associated with a name |
1980- |
| Relator term |
writer. |
| 245 14 - TITLE STATEMENT |
| Title |
The mystery of the meanest teacher : |
| Remainder of title |
a Johnny Constantine graphic novel / |
| Statement of responsibility, etc |
written by Ryan North ; art by Derek Charm ; lettered by Wes Abbott. |
| 264 #1 - Production, Publication, Distribution, Manufacture, and Copyright Notice. |
| Place of production, publication, distribution, manufacture |
Burbank, CA : |
| Name of producer, publisher, distributor, manufacturer |
DC Comics, |
| Date of production, publication, distribution, manufacture, or copyr |
[2021] |
| 264 #4 - Production, Publication, Distribution, Manufacture, and Copyright Notice. |
| Date of production, publication, distribution, manufacture, or copyr |
�2021 |
| 300 ## - PHYSICAL DESCRIPTION |
| Extent |
160 pages : |
| Other physical details |
color illustrations ; |
| Dimensions |
21 cm |
| 336 ## - Content Type |
| Content type term |
text |
| 336 ## - Content Type |
| Content type term |
still image |
| 337 ## - Media type |
| Media type term |
unmediated |
| 338 ## - Carrier type |
| Carrier type term |
volume |
| 500 ## - GENERAL NOTE |
| General note |
"John Constantine created by Alan Moore, Steve Bissette, John Totleben, and Jamie Delano & John Ridgway" |
| 520 ## - SUMMARY, ETC. |
| Summary, etc |
After angering a number of hostile spirits in England, thirteen-year-old magician John Constantine is sent to the Junior Success Boarding School in Salem, Massachusetts where he and fellow misfit Anna try to find out if their teacher Ms. Kayla is a witch. |
| 521 ## - TARGET AUDIENCE NOTE |
| Target audience note |
Ages 8-12 |
| Source |
DC Comics. |
| 521 ## - TARGET AUDIENCE NOTE |
| Target audience note |
Grades 4-6 |
| Source |
DC Comics. |
| 600 10 - SUBJECT ADDED ENTRY--PERSONAL NAME |
| Personal name |
Constantine, John |
| Titles and other words associated with a name |
(Fictitious character) |
| Form subdivision |
Comic books, strips, etc. |
| 9 (RLIN) |
6454256 |
| 650 #0 - SUBJECT ADDED ENTRY--TOPICAL TERM |
| Topical term or geographic name as entry element |
Magic |
| Form subdivision |
Comic books, strips, etc. |
| 9 (RLIN) |
5676300 |
| 650 #0 - SUBJECT ADDED ENTRY--TOPICAL TERM |
| Topical term or geographic name as entry element |
Witches |
| Form subdivision |
Comic books, strips, etc. |
| 9 (RLIN) |
5688331 |
| 650 #0 - SUBJECT ADDED ENTRY--TOPICAL TERM |
| Topical term or geographic name as entry element |
Demonology |
| Form subdivision |
Comic books, strips, etc. |
| 9 (RLIN) |
5709964 |
| 650 #1 - SUBJECT ADDED ENTRY--TOPICAL TERM |
| Topical term or geographic name as entry element |
Cartoons and comics |
| 655 #7 - INDEX TERM--GENRE/FORM |
| Genre/form data or focus term |
Fantasy comics |
| Source of term |
lcgft |
| 655 #7 - INDEX TERM--GENRE/FORM |
| Genre/form data or focus term |
Graphic novels |
| Source of term |
lcgft |
| 655 #7 - INDEX TERM--GENRE/FORM |
| Genre/form data or focus term |
Comics (Graphic works) |
| Source of term |
lcgft |
| 9 (RLIN) |
5689343 |
| 700 1# - ADDED ENTRY--PERSONAL NAME |
| Personal name |
Charm, Derek |
| Relator term |
artist. |
| 9 (RLIN) |
6454257 |
| 700 1# - ADDED ENTRY--PERSONAL NAME |
| Personal name |
Abbott, Wes |
| Relator term |
letterer. |
| 9 (RLIN) |
6359976 |
| 776 08 - ADDITIONAL PHYSICAL FORM ENTRY |
| Display text |
Online version: |
| Main entry heading |
North, Ryan, 1980- |
| Title |
Mystery of the meanest teacher |
| Place, publisher, and date of publication |
Burbank, CA : DC Comics, [2021] |
| International Standard Book Number |
9781779508591 |
| Record control number |
(DLC) 2021004934 |
| 942 ## - ADDED ENTRY ELEMENTS (KOHA) |
| Source of classification or shelving scheme |
Dewey Decimal Classification |
| Koha item type |
BOOK |